[Event "Titled Tuesday intern op 16th Jan Early"]
[Site "Chess.com INT"]
[Date "2024.01.16"]
[Round "3"]
[White "Karavade, Eesha"]
[Black "Janaszak, Dawid"]
[Result "0-1"]
[WhiteElo "2265"]
[BlackElo "2308"]
[PlyCount "56"]
[EventDate "2024.01.16"]
[EventType "swiss (blitz)"]
[EventRounds "11"]
[EventCountry "USA"]
[SourceTitle "CB04_2024"]
[SourceDate "2023.10.16"]
[SourceVersion "1"]
[SourceVersionDate "2023.10.16"]
[SourceQuality "1"]

1. d4 Nf6 2. Nf3 g6 3. Bf4 d6 4. Nc3 Bg7 5. e4 0-0 6. h3 c5 7. d5 b5 8. Bxb5 Nxe4 9. Nxe4 Qa5+ 10. Nc3 Bxc3+ 11. bxc3 Qxb5 12. Qd3 Ba6 13. Kd2 Qa4 14. Qe3 Nd7 15. Rhd1 Nb6 16. Ke1 Qxc2 17. Rac1 Qa4 18. Bh6 Rfe8 19. Qf4 Qxf4 20. Bxf4 Bc4 21. a3 Bxd5 22. Ke2 f6 23. Rb1 Be4 24. Rb2 Nd5 25. Bd2 Rab8 26. Rxb8 Rxb8 27. c4 Nb6 28. Rc1 Na4 0-1

[Event "Titled Tuesday intern op 16th Jan Early"]
[Site "Chess.com INT"]
[Date "2024.01.16"]
[Round "2"]
[White "Karavade, Eesha"]
[Black "Sisman, Gizem"]
[Result "1-0"]
[WhiteElo "2265"]
[BlackElo "1754"]
[PlyCount "93"]
[EventDate "2024.01.16"]
[EventType "swiss (blitz)"]
[EventRounds "11"]
[EventCountry "USA"]
[SourceTitle "CB04_2024"]
[SourceDate "2023.10.16"]
[SourceVersion "1"]
[SourceVersionDate "2023.10.16"]
[SourceQuality "1"]

1. d4 e6 2. Nf3 f5 3. g3 Nf6 4. Bg2 Be7 5. c4 d6 6. Nc3 0-0 7. 0-0 Ne4 8. Qc2 Nxc3 9. bxc3 Nc6 10. e4 e5 11. c5 fxe4 12. Qxe4 Bf5 13. Qd5+ Kh8 14. dxe5 dxe5 15. c4 Bf6 16. Bb2 Qe7 17. Qd2 Qxc5 18. Qd5 Qe7 19. Rfe1 Rad8 20. Qb5 Bc8 21. Nxe5 Nxe5 22. Bxe5 c6 23. Qb2 Bxe5 24. Rxe5 Qf6 25. Rae1 h6 26. h4 Rd7 27. f4 Rdd8 28. Qf2 Qf7 29. c5 Rfe8 30. Rxe8+ Rxe8 31. Rxe8+ Qxe8 32. Qd4 Qd7 33. Qxd7 Bxd7 34. Kf2 Kg8 35. Ke3 Kf8 36. Kd4 Ke7 37. Ke5 Be6 38. a3 a5 39. f5 Bb3 40. g4 Bc2 41. g5 hxg5 42. hxg5 Bd3 43. Bf3 Bc2 44. f6+ gxf6+ 45. gxf6+ Kf8 46. Bh5 Bb3 47. Kd6 1-0

[Event "Titled Tuesday intern op 09th Jan Early"]
[Site "Chess.com INT"]
[Date "2024.01.09"]
[Round "4"]
[White "Haring, Filip"]
[Black "Karavade, Eesha"]
[Result "1-0"]
[WhiteElo "2432"]
[BlackElo "2265"]
[PlyCount "49"]
[EventDate "2024.01.09"]
[EventType "swiss (blitz)"]
[EventRounds "11"]
[EventCountry "USA"]
[SourceTitle "CB03_2024"]
[SourceDate "2024.01.17"]
[SourceVersion "1"]
[SourceVersionDate "2024.01.17"]
[SourceQuality "1"]

1. Nf3 d5 2. c4 d4 3. b4 f6 4. e3 e5 5. c5 a5 6. Qa4+ Bd7 7. b5 Bxc5 8. Bc4 Nh6 9. exd4 exd4 10. 0-0 Nf7 11. Bxf7+ Kxf7 12. Qc4+ Be6 13. Qxc5 d3 14. Nc3 Nd7 15. Qe3 Nb6 16. Qf4 Re8 17. Ng5+ Kg8 18. Nxe6 Rxe6 19. Ba3 Qd7 20. Rae1 Rae8 21. Re3 Rxe3 22. fxe3 h6 23. Bc5 Re5 24. Bxb6 cxb6 25. a4 1-0

[Event "Titled Tuesday intern op 09th Jan Early"]
[Site "Chess.com INT"]
[Date "2024.01.09"]
[Round "1"]
[White "Wojtaszek, Radoslaw"]
[Black "Karavade, Eesha"]
[Result "1-0"]
[WhiteElo "2674"]
[BlackElo "2265"]
[PlyCount "83"]
[EventDate "2024.01.09"]
[EventType "swiss (blitz)"]
[EventRounds "11"]
[EventCountry "USA"]
[SourceTitle "CB03_2024"]
[SourceDate "2024.01.17"]
[SourceVersion "1"]
[SourceVersionDate "2024.01.17"]
[SourceQuality "1"]

1. e4 c5 2. Nf3 d6 3. Bb5+ Nd7 4. 0-0 Ngf6 5. Re1 g6 6. c3 Bg7 7. d4 a6 8. Bf1 e5 9. dxe5 Nxe5 10. Nxe5 dxe5 11. Qxd8+ Kxd8 12. a4 Kc7 13. Na3 Be6 14. Bc4 Rhe8 15. Bxe6 Rxe6 16. a5 Rd8 17. f3 Ne8 18. Be3 Bf8 19. Nc4 Nd6 20. Nb6 Kc6 21. Red1 Ree8 22. Rd5 Nc8 23. Rad1 Rxd5 24. exd5+ Kc7 25. Na4 e4 26. Bxc5 Bxc5+ 27. Nxc5 exf3 28. gxf3 Re2 29. b4 Nd6 30. Rd3 h5 31. h4 f5 32. Ne6+ Kd7 33. Nf4 Rc2 34. Nxg6 Nc4 35. Nf4 Kd6 36. Nxh5 Ne5 37. Re3 Kxd5 38. Nf4+ Kd6 39. h5 Nc4 40. Re6+ Kd7 41. h6 Nd2 42. Re3 1-0

[Event "Titled Tuesday intern op 15th Aug Early"]
[Site "Chess.com INT"]
[Date "2023.08.15"]
[Round "8"]
[White "Karavade, Eesha"]
[Black "Martinez, Shawn"]
[Result "1-0"]
[WhiteElo "2265"]
[BlackElo "1869"]
[PlyCount "77"]
[EventDate "2023.08.15"]
[EventType "swiss (blitz)"]
[EventRounds "11"]
[EventCountry "USA"]
[SourceTitle "EXT 2024"]
[Source "ChessBase"]
[SourceDate "2023.10.10"]
[SourceVersion "1"]
[SourceVersionDate "2023.10.10"]
[SourceQuality "1"]

1. d4 g6 2. c4 Bg7 3. Nc3 a6 4. e4 b6 5. Nf3 Bb7 6. Bd3 h6 7. 0-0 e6 8. d5 Ne7 9. Be3 d6 10. Qd2 Nd7 11. h3 exd5 12. exd5 g5 13. Nd4 0-0 14. f4 c5 15. dxc6 Nxc6 16. Nxc6 Bxc6 17. fxg5 hxg5 18. Bxg5 f6 19. Bh6 Ne5 20. Bxg7 Kxg7 21. Be4 Qc7 22. Nd5 Bxd5 23. Bxd5 Qc5+ 24. Kh1 Ra7 25. Qf4 b5 26. Qg3+ Kh8 27. b3 bxc4 28. bxc4 Rh7 29. Rf5 Qd4 30. Raf1 Rh6 31. R1f4 Qd1+ 32. Kh2 Rg6 33. Rh4+ Kg7 34. Qf2 Ng4+ 35. hxg4 Re8 36. Rfh5 Re1 37. Rh7+ Kf8 38. Rh8+ Ke7 39. R4h7+ 1-0

[Event "Titled Tuesday intern op 15th Aug Early"]
[Site "Chess.com INT"]
[Date "2023.08.15"]
[Round "4"]
[White "Karavade, Eesha"]
[Black "Prohaszka, Peter"]
[Result "0-1"]
[WhiteElo "2265"]
[BlackElo "2581"]
[PlyCount "104"]
[EventDate "2023.08.15"]
[EventType "swiss (blitz)"]
[EventRounds "11"]
[EventCountry "USA"]
[SourceTitle "EXT 2024"]
[Source "ChessBase"]
[SourceDate "2023.10.10"]
[SourceVersion "1"]
[SourceVersionDate "2023.10.10"]
[SourceQuality "1"]

1. d4 Nf6 2. c4 g6 3. Nc3 d5 4. cxd5 Nxd5 5. Bd2 c5 6. dxc5 Bg7 7. Qb3 Nc7 8. Nf3 0-0 9. 0-0-0 Nd7 10. e4 Ne6 11. Bc4 Nexc5 12. Qc2 Nb6 13. Bf4 Bd7 14. Bb5 Rc8 15. Kb1 Qe8 16. Bxd7 Ncxd7 17. e5 Nc5 18. h4 Nca4 19. Rd3 Nxc3+ 20. Rxc3 Rxc3 21. Qxc3 Nd5 22. Qd4 Nxf4 23. Qxf4 Qb5 24. Rd1 Rc8 25. Qd4 Qc6 26. Qd3 h6 27. a3 a5 28. Ka1 b5 29. h5 gxh5 30. Qd7 Qxd7 31. Rxd7 e6 32. Rd2 Rc4 33. g3 a4 34. Kb1 Kh7 35. Rd7 Kg8 36. Rd8+ Bf8 37. Rb8 Kg7 38. Rxb5 Bc5 39. Rb7 Bxf2 40. Rb4 Rxb4 41. axb4 Kf8 42. b5 Ke7 43. Ka2 Kd7 44. Ka3 Bxg3 45. Kxa4 Kc7 46. Ka5 Kb7 47. Nd4 Bxe5 48. Nc6 Bc7+ 49. Kb4 h4 50. Nd4 h3 51. Nf3 h2 52. Nxh2 Bxh2 0-1

[Event "IND-chT (Women)"]
[Site "Pollachi"]
[Date "2023.02.10"]
[Round "1.1"]
[White "Karavade, Eesha"]
[Black "Jayashree, PK."]
[Result "1-0"]
[WhiteElo "2294"]
[BlackElo "1793"]
[PlyCount "93"]
[EventDate "2023.02.10"]
[EventType "team-swiss"]
[EventRounds "7"]
[EventCountry "IND"]
[SourceTitle "CBM 212 Extra"]
[Source "ChessBase"]
[SourceDate "2023.03.31"]
[SourceVersion "1"]
[SourceVersionDate "2023.03.31"]
[SourceQuality "1"]
[WhiteTeam "PSPB (W)"]
[BlackTeam "Tamil Nadu (W) IV"]
[WhiteTeamCountry "IND"]
[BlackTeamCountry "IND"]

1. Nf3 Nf6 2. c4 c5 3. g3 g6 4. Bg2 Bg7 5. Nc3 Nc6 6. d4 cxd4 7. Nxd4 0-0 8. 0-0 Nxd4 9. Qxd4 d6 10. Qd3 Rb8 11. c5 Bf5 12. e4 Bg4 13. cxd6 exd6 14. Be3 a6 15. h3 Be6 16. Rfd1 Qc8 17. Kh2 Rd8 18. Rac1 Qc4 19. Qxc4 Bxc4 20. Bb6 Rd7 21. b3 Be6 22. Na4 Re8 23. Be3 b5 24. Nb6 Rdd8 25. Rc6 Bf8 26. Bf4 a5 27. Bxd6 Bxd6 28. Rcxd6 Rxd6 29. Rxd6 Rb8 30. Nd5 Ne8 31. Ra6 a4 32. bxa4 bxa4 33. Rxa4 Nd6 34. e5 Nf5 35. Rb4 Rd8 36. Nf6+ Kg7 37. Rb2 h5 38. a4 Nd4 39. a5 Bc8 40. Rb6 Ne6 41. a6 Bxa6 42. Rxa6 Rd2 43. Ne4 Rd5 44. f4 Rb5 45. h4 Rb2 46. Rd6 Rc2 47. Ng5 1-0

[Event "Rilton Cup 50th"]
[Site "Stockholm"]
[Date "2023.01.02"]
[Round "6"]
[White "Harshad, S."]
[Black "Karavade, Eesha"]
[Result "1-0"]
[WhiteElo "2202"]
[BlackElo "2325"]
[PlyCount "161"]
[EventDate "2022.12.27"]
[EventType "swiss"]
[EventRounds "9"]
[EventCountry "SWE"]
[SourceTitle "CBM 212 Extra"]
[Source "ChessBase"]
[SourceDate "2023.03.31"]
[SourceVersion "1"]
[SourceVersionDate "2023.03.31"]
[SourceQuality "1"]

1. e4 e6 2. d4 d5 3. Bd3 dxe4 4. Bxe4 Nf6 5. Bf3 c5 6. Ne2 Nc6 7. Be3 cxd4 8. Nxd4 Ne5 9. Nc3 a6 10. Qe2 Nxf3+ 11. gxf3 Nd5 12. Nxd5 Qxd5 13. 0-0-0 Be7 14. Nb3 Qf5 15. Rhg1 0-0 16. Bh6 Bf6 17. Rxg7+ Bxg7 18. Rg1 Qf6 19. Bxg7 Qxg7 20. Rxg7+ Kxg7 21. Nd4 f6 22. f4 Bd7 23. Qe4 Rab8 24. b3 Rfe8 25. Kb2 e5 26. fxe5 Rxe5 27. Qd3 Rbe8 28. Qg3+ Kf7 29. Qc3 Kg7 30. Qg3+ Kf7 31. Qf3 Bc8 32. Qd3 Kg7 33. Qg3+ Kf7 34. Qc3 Kg7 35. Qc7+ R5e7 36. Qb6 Re5 37. a4 R8e7 38. Qb4 Re8 39. Qc3 R5e7 40. Qd2 Re4 41. Ka3 R8e7 42. Qd3 R4e5 43. Qg3+ Kf7 44. Qc3 Bd7 45. Qc4+ Kg7 46. Qc7 Bg4 47. Qc3 Bd7 48. Qd2 Bc8 49. f3 Re3 50. Qf2 Kf7 51. Qh4 Kg7 52. Qg3+ Kf7 53. Qb8 Re8 54. Qf4 Kg7 55. Qc7+ R3e7 56. Qd6 Re3 57. Kb2 R3e7 58. Qg3+ Kf7 59. h4 Re5 60. Qh2 Rg8 61. Qd2 Rd8 62. Qd3 Rh5 63. Qc4+ Kg6 64. Ne2 Re5 65. Nf4+ Kh6 66. Qf7 Rf5 67. Qe7 Rd7 68. Qf8+ Rg7 69. Qd6 Rd7 70. Qf8+ Rg7 71. Ne2 Bd7 72. Ng3 Rxf3 73. Nh5 Kxh5 74. Qxg7 Be6 75. Qxh7+ Kg4 76. h5 Kf4 77. h6 Rh3 78. Qc7+ Kf3 79. h7 Bf5 80. Qc3+ Kg2 81. Qxh3+ 1-0

[Event "Rilton Cup 50th"]
[Site "Stockholm"]
[Date "2022.12.27"]
[Round "1"]
[White "Karavade, Eesha"]
[Black "Blomqvist, Erik"]
[Result "0-1"]
[WhiteElo "2325"]
[BlackElo "2544"]
[PlyCount "68"]
[EventDate "2022.12.27"]
[EventType "swiss"]
[EventRounds "9"]
[EventCountry "SWE"]
[SourceTitle "CBM 212 Extra"]
[Source "ChessBase"]
[SourceDate "2023.03.31"]
[SourceVersion "1"]
[SourceVersionDate "2023.03.31"]
[SourceQuality "1"]

1. d4 d5 2. c4 dxc4 3. e3 Nf6 4. Bxc4 e6 5. Nf3 c5 6. 0-0 a6 7. b3 cxd4 8. Nxd4 Be7 9. Bb2 0-0 10. a4 Bd7 11. Nd2 Nc6 12. N2f3 Qa5 13. Qe2 Rfd8 14. Rfd1 h6 15. Nxc6 Bxc6 16. Ne5 Bd5 17. Ng4 Bxc4 18. Qxc4 Nd7 19. Qd4 Qg5 20. h3 h5 21. Ne5 Bf6 22. Qf4 Qxf4 23. exf4 Nc5 24. Rxd8+ Rxd8 25. b4 Nd3 26. Nxd3 Rxd3 27. Bxf6 gxf6 28. Rb1 Rd4 29. g3 Kf8 30. a5 f5 31. b5 Ra4 32. b6 Rxa5 33. Rc1 Rb5 34. Rc8+ Kg7 0-1

[Event "Asian Continental Blitz op (Women) 19th"]
[Site "Delhi"]
[Date "2022.11.03"]
[Round "2"]
[White "Nomin Erdene, Davaademberel"]
[Black "Karavade, Eesha"]
[Result "1-0"]
[WhiteElo "2404"]
[BlackElo "2336"]
[PlyCount "125"]
[EventDate "2022.11.03"]
[EventType "swiss (blitz)"]
[EventRounds "9"]
[EventCountry "IND"]
[SourceTitle "EXT 2024"]
[Source "ChessBase"]
[SourceDate "2023.10.10"]
[SourceVersion "1"]
[SourceVersionDate "2023.10.10"]
[SourceQuality "1"]

1. f4 g6 2. g3 Bg7 3. Nf3 d5 4. Bg2 c5 5. d3 Nc6 6. 0-0 Nf6 7. c3 0-0 8. Na3 b6 9. Qc2 Bb7 10. e4 dxe4 11. dxe4 e5 12. fxe5 Ng4 13. Bg5 Qe8 14. Nb5 Bxe5 15. Nxe5 Qxe5 16. Bf4 Qg7 17. Nd6 Ba6 18. Rfe1 Nge5 19. Rad1 Rad8 20. Rd5 f6 21. Red1 h5 22. Qd2 Kh7 23. b3 Rb8 24. Qe3 Bc8 25. Nxc8 Rbxc8 26. Bh3 Rcd8 27. Bxe5 fxe5 28. Qg5 Qh6 29. Qxh6+ Kxh6 30. Bd7 Nb8 31. Be6 Nc6 32. Kg2 Kg7 33. Rd7+ Rxd7 34. Rxd7+ Kf6 35. Bd5 Ne7 36. Rxa7 Nxd5 37. exd5 Rd8 38. c4 e4 39. Kf2 Ke5 40. Ke3 Rf8 41. Re7+ Kd6 42. Re6+ Kc7 43. Kxe4 Rf2 44. Rxg6 Rxa2 45. Rc6+ Kb7 46. Rh6 Rxh2 47. g4 Rh4 48. Rxh5 Rxg4+ 49. Ke5 Rg3 50. Rh7+ Ka6 51. Kd6 Rxb3 52. Kc6 Rd3 53. d6 Ka5 54. d7 Kb4 55. Rh4 Ka5 56. Kc7 Kb4 57. d8Q Rxd8 58. Kxd8 b5 59. cxb5+ Kxb5 60. Kd7 c4 61. Kd6 c3 62. Kd5 c2 63. Rc4 1-0

[Event "Asian Continental op (Women) 19th"]
[Site "Delhi"]
[Date "2022.11.02"]
[Round "8"]
[White "Karavade, Eesha"]
[Black "Srija, Seshadri"]
[Result "1/2-1/2"]
[WhiteElo "2336"]
[BlackElo "2187"]
[PlyCount "61"]
[EventDate "2022.10.26"]
[EventType "swiss"]
[EventRounds "9"]
[EventCountry "IND"]
[SourceTitle "EXT 2024"]
[Source "ChessBase"]
[SourceDate "2023.10.10"]
[SourceVersion "1"]
[SourceVersionDate "2023.10.10"]
[SourceQuality "1"]

1. Nf3 d5 2. d4 Nc6 3. c4 Bg4 4. Nc3 e6 5. e3 Nf6 6. h3 Bh5 7. Be2 dxc4 8. Bxc4 Bd6 9. Be2 0-0 10. 0-0 Re8 11. b3 Bg6 12. Bb2 Nd5 13. Bb5 Nxc3 14. Bxc3 Be4 15. Ne5 Bxe5 16. dxe5 Qg5 17. Qg4 Qxg4 18. hxg4 Red8 19. Bxc6 Bxc6 20. Rfd1 h6 21. f3 Rxd1+ 22. Rxd1 a5 23. a3 Bd5 24. Rb1 a4 25. b4 Bb3 26. Bd4 Rd8 27. Rc1 Rd7 28. Kf2 Kf8 29. Rb1 Ke8 30. Rb2 b6 31. Rd2 1/2-1/2

[Event "Asian Continental op (Women) 19th"]
[Site "Delhi"]
[Date "2022.11.01"]
[Round "7"]
[White "Pandey, Srishti"]
[Black "Karavade, Eesha"]
[Result "0-1"]
[WhiteElo "2213"]
[BlackElo "2336"]
[PlyCount "122"]
[EventDate "2022.10.26"]
[EventType "swiss"]
[EventRounds "9"]
[EventCountry "IND"]
[SourceTitle "EXT 2024"]
[Source "ChessBase"]
[SourceDate "2023.10.10"]
[SourceVersion "1"]
[SourceVersionDate "2023.10.10"]
[SourceQuality "1"]

1. d4 d5 2. Nc3 Nf6 3. Bf4 g6 4. e3 Bg7 5. Nb5 Na6 6. h3 0-0 7. Nf3 Ne4 8. Nd2 c6 9. Nxe4 dxe4 10. Nc3 c5 11. Nxe4 cxd4 12. exd4 Nb4 13. c3 Bf5 14. Qe2 Nc6 15. Ng3 Qd7 16. Be3 e5 17. dxe5 Bxe5 18. Nxf5 Qxf5 19. Qd3 Qf6 20. 0-0-0 Rfd8 21. Qc2 Rxd1+ 22. Qxd1 Rd8 23. Qc2 Bf4 24. Qe4 Be5 25. Bb5 Bxc3 26. bxc3 Qxc3+ 27. Kb1 Nd4 28. Bxd4 Rxd4 29. Qe8+ Kg7 30. Qe5+ Kh6 31. Qe3+ Qxe3 32. fxe3 Rb4+ 33. Kc2 Rxb5 34. Rd1 Kg5 35. Rd7 Kf6 36. Rc7 h5 37. Kd3 Rb2 38. g3 Rxa2 39. Rxb7 a5 40. Ra7 a4 41. Ke4 a3 42. Kf3 Ra1 43. Ra5 Ke6 44. Kg2 h4 45. gxh4 a2 46. Kh2 Kd6 47. Kg2 Kc6 48. e4 f6 49. Kh2 Kb6 50. Ra8 Kc5 51. Kg2 Kd4 52. Ra4+ Ke3 53. Kh2 Kf3 54. h5 gxh5 55. h4 Re1 56. Ra3+ Re3 57. Rxa2 Re2+ 58. Rxe2 Kxe2 59. Kg2 Ke3 60. Kh2 Kxe4 61. Kg3 Ke3 0-1

[Event "Titled Tuesday intern op 04th Oct Early"]
[Site "Chess.com INT"]
[Date "2022.10.04"]
[Round "2"]
[White "Rose, Felix"]
[Black "Karavade, Eesha"]
[Result "1/2-1/2"]
[WhiteElo "2091"]
[BlackElo "2336"]
[PlyCount "58"]
[EventDate "2022.10.04"]
[EventType "swiss (blitz)"]
[EventRounds "11"]
[EventCountry "USA"]
[SourceTitle "EXT 2023"]
[Source "ChessBase"]
[SourceDate "2022.10.05"]
[SourceVersion "1"]
[SourceVersionDate "2022.10.05"]
[SourceQuality "1"]

1. e4 c5 2. Nf3 d6 3. d4 cxd4 4. Nxd4 Nf6 5. Nc3 a6 6. Be3 e5 7. Nb3 Be6 8. f3 h5 9. Nd5 Nxd5 10. exd5 Bf5 11. Bd3 Bxd3 12. Qxd3 Nd7 13. 0-0-0 g6 14. Kb1 Bg7 15. h4 b5 16. Bg5 Qc7 17. g4 hxg4 18. fxg4 Nc5 19. Nxc5 Qxc5 20. h5 gxh5 21. gxh5 Bh6 22. Bf6 Rf8 23. Qh7 Qe3 24. Rhe1 Qf4 25. Rf1 Qe3 26. Rde1 Qd2 27. Rd1 Qe3 28. Rde1 Qd2 29. Rd1 Qe3 1/2-1/2

[Event "Titled Tuesday intern op 27th Sep Early"]
[Site "Chess.com INT"]
[Date "2022.09.27"]
[Round "4"]
[White "Rios Escobar, Adan"]
[Black "Karavade, Eesha"]
[Result "0-1"]
[WhiteElo "2276"]
[BlackElo "2336"]
[PlyCount "90"]
[EventDate "2022.09.27"]
[EventType "swiss (blitz)"]
[EventRounds "11"]
[EventCountry "USA"]
[SourceTitle "CBM 210 Extra"]
[Source "ChessBase"]
[SourceDate "2022.11.30"]
[SourceVersion "1"]
[SourceVersionDate "2022.11.30"]
[SourceQuality "1"]

1. d4 Nf6 2. g3 d5 3. Nf3 c5 4. Bg2 Nc6 5. 0-0 cxd4 6. Nxd4 e5 7. Nxc6 bxc6 8. c4 Be7 9. Nc3 Be6 10. Bg5 e4 11. cxd5 cxd5 12. Nb5 0-0 13. Rc1 Rb8 14. Nxa7 Rxb2 15. Nc6 Qd7 16. Nxe7+ Qxe7 17. a4 h6 18. Be3 Ra8 19. Ra1 Qb7 20. Bd4 Rb4 21. a5 Nd7 22. Qd2 Rb5 23. Rfc1 Kh7 24. e3 Rb3 25. h3 f6 26. Kh2 Ne5 27. Qc2 Nd3 28. Rcb1 Rxb1 29. Rxb1 Qc8 30. Qxc8 Bxc8 31. Bb6 Nxf2 32. Rb5 Be6 33. Rc5 Nd3 34. Rc7 Kg6 35. Bf1 Rc8 36. a6 Rxc7 37. Bxc7 Bc8 38. a7 Bb7 39. Kg2 Kf5 40. Be2 Ke6 41. Bh5 Nb4 42. Bb6 Kd7 43. Bg4+ Kc6 44. Bd4 Nc2 45. Bc8 Nxd4 0-1

[Event "Titled Tuesday intern op 20th Sep Early"]
[Site "Chess.com INT"]
[Date "2022.09.20"]
[Round "7"]
[White "Leve, Nitai D"]
[Black "Karavade, Eesha"]
[Result "1-0"]
[WhiteElo "2128"]
[BlackElo "2336"]
[PlyCount "59"]
[EventDate "2022.09.20"]
[EventType "swiss (blitz)"]
[EventRounds "11"]
[EventCountry "USA"]
[SourceTitle "EXT 2023"]
[Source "ChessBase"]
[SourceDate "2022.10.05"]
[SourceVersion "1"]
[SourceVersionDate "2022.10.05"]
[SourceQuality "1"]

1. e4 c5 2. Nf3 d6 3. d4 cxd4 4. Qxd4 a6 5. c4 Nf6 6. h3 Nc6 7. Qe3 g6 8. Be2 Bg7 9. 0-0 0-0 10. Rd1 Nd7 11. Nc3 b6 12. Qg5 h6 13. Qh4 g5 14. Bxg5 hxg5 15. Nxg5 Re8 16. Bh5 Nde5 17. f4 Ng6 18. Bxg6 fxg6 19. Qh7+ Kf8 20. Qxg6 Kg8 21. Qf7+ Kh8 22. Rd5 e5 23. Qh5+ Kg8 24. Rxd6 Qxd6 25. Qxe8+ Qf8 26. Qxc6 Rb8 27. Nd5 exf4 28. Qg6 Qc5+ 29. Kh1 Bxh3 30. Nf6+ 1-0

[Event "Titled Tuesday intern op 13th Sep Early"]
[Site "Chess.com INT"]
[Date "2022.09.13"]
[Round "4"]
[White "Aradhya, Garg"]
[Black "Karavade, Eesha"]
[Result "1-0"]
[WhiteElo "2332"]
[BlackElo "2336"]
[PlyCount "87"]
[EventDate "2022.09.13"]
[EventType "swiss (blitz)"]
[EventRounds "11"]
[EventCountry "USA"]
[SourceTitle "EXT 2023"]
[Source "ChessBase"]
[SourceDate "2022.10.05"]
[SourceVersion "1"]
[SourceVersionDate "2022.10.05"]
[SourceQuality "1"]

1. d4 Nf6 2. Nf3 d5 3. Bf4 c5 4. e3 Nc6 5. Nbd2 Qb6 6. dxc5 Qxb2 7. c4 g6 8. Rb1 Qc3 9. Qa4 Bg7 10. Be5 Qa5 11. Qxa5 Nxa5 12. cxd5 0-0 13. Nc4 Bf5 14. Rb5 Nxc4 15. Bxc4 Be4 16. Rxb7 Rfc8 17. Bxf6 Bxf6 18. c6 e6 19. dxe6 Bxc6 20. Rxf7 Bxf3 21. Bb3 Bc3+ 22. Kf1 Be4 23. e7 Bd3+ 24. Kg1 Bc4 25. e8Q+ Rxe8 26. Bxc4 Kh8 27. h4 Rad8 28. g3 Rd2 29. Rxa7 Rf8 30. Rf7 Rxf7 31. Bxf7 Kg7 32. Bb3 Bb4 33. Kg2 Bc5 34. Kf3 Ba3 35. Rd1 Rxd1 36. Bxd1 Kf6 37. Ke4 h6 38. g4 g5 39. h5 Ke6 40. Bb3+ Kf6 41. Kd5 Ke7 42. Ke5 Bb2+ 43. Kf5 Kf8 44. Kg6 1-0